| 000 | 00650cam a22002413a 4500 | ||
|---|---|---|---|
| 001 | 7537 | ||
| 003 | PGUSA | ||
| 005 | 20140828083146.0 | ||
| 008 | 050201s2005||||xxu|||||s|||||000 1 eng d | ||
| 040 |
_aPGUSA _beng |
||
| 042 | _adc | ||
| 050 | 4 | _aPT | |
| 100 | 1 |
_aHamsun, Knut, _d1859-1952 |
|
| 245 | 1 | 0 |
_aShallow Soil _h[electronic resource] / _cKnut Hamsun |
| 260 |
_bProject Gutenberg, _c2005 |
||
| 506 | _aPublic domain in the USA. | ||
| 516 | _aElectronic text | ||
| 653 | _aNorway -- Fiction | ||
| 700 | 1 | _aHyllested, Carl Christian | |
| 830 | 0 |
_aProject Gutenberg _v7537 |
|
| 856 | 4 | 0 | _uhttp://www.gutenberg.org/ebooks/7537 |
| 942 | _cEB | ||
| 999 |
_c236856 _d236856 |
||